<?xml version="1.0" encoding="UTF-8"?>
<collection xmlns="http://www.loc.gov/MARC21/slim">
 <record>
  <leader>07598nam a2200397 a 4500</leader>
  <controlfield tag="001">kal4073</controlfield>
  <controlfield tag="003">Gr-AtHEAL</controlfield>
  <controlfield tag="005">20160425144508.0</controlfield>
  <controlfield tag="006">m        d        </controlfield>
  <controlfield tag="008">160413s2015    gr      s           gre|c</controlfield>
  <datafield tag="020" ind1=" " ind2=" ">
   <subfield code="a">9789606032332</subfield>
  </datafield>
  <datafield tag="040" ind1=" " ind2=" ">
   <subfield code="a">GR-AtHEAL</subfield>
   <subfield code="b">gre</subfield>
   <subfield code="c">GR-AtHEAL</subfield>
  </datafield>
  <datafield tag="082" ind1="0" ind2="4">
   <subfield code="a">331.12</subfield>
   <subfield code="2">23</subfield>
  </datafield>
  <datafield tag="100" ind1="1" ind2=" ">
   <subfield code="a">Γκιάλης, Στέλιος.</subfield>
   <subfield code="8">1169</subfield>
  </datafield>
  <datafield tag="245" ind1="1" ind2="0">
   <subfield code="a">Γεωγραφία της Εργασίας</subfield>
   <subfield code="h">[Ηλεκτρονικός πόρος] </subfield>
   <subfield code="b">Εργατική Δράση, Ευέλικτη Απασχόληση και Χωρικές Ανισότητες</subfield>
   <subfield code="c">Herod, Andrew ; Γκιάλης, Στέλιος ; Κριτικός αναγνώστης,Κουρλιούρος, Ηλίας ; Γραφιστική επιμέλεια,Καπαντώνη, Κλειώ ; Γλωσσική επιμέλεια,Αγγελάκου, Αλεξάνδρα.</subfield>
  </datafield>
  <datafield tag="260" ind1=" " ind2=" ">
   <subfield code="a">Αθήνα :</subfield>
   <subfield code="b">Σύνδεσμος Ελληνικών Ακαδημαϊκών Βιβλιοθηκών,</subfield>
   <subfield code="c">c2015.</subfield>
  </datafield>
  <datafield tag="490" ind1=" " ind2=" ">
   <subfield code="a">Ακαδημαϊκά Ηλεκτρονικά Συγγράμματα και Βοηθήματα Κάλλιπος</subfield>
   <subfield code="8">40</subfield>
  </datafield>
  <datafield tag="505" ind1=" " ind2=" ">
   <subfield code="a">1. Μια Εισαγωγή στη Γεωγραφική σκέψη για τους εργαζόμενους και την εργασία 2. Εργασία και κεφάλαιο στις σύγχρονες κοινωνίες: θεωρητικά στοιχεία και προσεγγίσεις για τη σχέση τους 3. Η σημασία του τόπου, του χώρου και της γεωγραφικής κλίμακας για την εργασία και τους εργαζόμενους 4. Eυέλικτη εργασία και χώρος 5. Εργατικός Διεθνισμός και Αντιφάσεις της Παγκοσμιοποίησης ή, γιατί το τοπικό ενίοτε εξακολουθεί να είναι σημαντικό σε μια παγκόσμια οικονομία 6. Φράουλες και ατσάλι: αγώνες εργατών στην Ελλάδα κατά των άτυπων και ευέλικτων μορφών απασχόλησης κατά την περίοδο της κρίσης 7. Εργαζόμενοι, κρίση και χωρική αναδιάρθρωση 8. Συμπερασματικά: η σημασία της γεωγραφικής γνώσης για την εργασία και τη δράση των εργαζομένων</subfield>
  </datafield>
  <datafield tag="520" ind1=" " ind2=" ">
   <subfield code="a">Στόχος του προσαρμοσμένου στις εκπαιδευτικές ανάγκες προπτυχιακών μεταπτυχιακών φοιτητών ηλεκτρονικού συγγράμματος, η ανάδειξη των ποικίλων διαστάσεων που έχει η αναπόσπαστη χωρική διάσταση της ανθρώπινης εργασίας και συνειδητής παραγωγικής δράσης, στη διαμόρφωση τόπων, περιοχών και διαδικασιών. Θα αποτελέσει την πρώτη προσπάθεια ελληνόγλωσσου εκπαιδευτικού βιβλίου στη θεματική περιοχή της Εργασιακής Γεωγραφίας, έναν νέο δυναμικό υποκλάδο της επιστήμης της Οικονομικής Γεωγραφίας. Η θεματολογία του βιβλίου θα αφορά στη μελέτη της συμβολής της εργασίας και των ίδιων των εργαζομένων, ως δρώντων υποκειμένων, στη διαμόρφωση της γεωγραφίας των σύγχρονων κοινωνιών. Η συμβολή αυτή έχει αποτελέσει αντικείμενο συστηματικής μελέτης τις πρόσφατες δεκαετίες, παρότι υποτιμημένη σε παλιότερα εγχειρίδια και συγγράμματα Οικονομικής Γεωγραφίας. Κομβικές έννοιες γύρω από τις οποίες αρθρώνονται τα επιχειρήματα του βιβλίου είναι αυτές του τόπου, του χώρου και της γεωγραφικής κλίμακας. Στη βάση αυτή θα παρουσιαστούν αρχικά βασικές θεωρίες, αλλά και εμπειρικά στοιχεία, για την εργασία και τις πρόσφατες μεταβολές που αυτή υφίσταται. Έπειτα, θα συζητηθούν θεωρίες κατακερματισμού στις αγορές εργασίας, με αξιοποίηση κατάλληλου διαδραστικού υλικού, και θα αναδειχθεί η χωρική- τοπική συγκρότηση των εργασιακών δομών και της απασχόλησης. Ακολούθως, θα μελετηθεί η γεωγραφία της εργατικής δράσης και η συμβολή της στην διαμόρφωση των σύγχρονων κοινωνιών, μέσα από έννοιες όπως το χωρικό σαμποτάζ ή ο δια-τοπικός συντονισμός, και θα αναδειχθούν διεθνή παραδείγματα διαφορετικών κλιμάκων οργάνωσης δράσεων και η αποτελεσματικότητα αυτών. Στη συνέχεια θα φωτιστούν σύγχρονες διαστάσεις της ευέλικτης εργασίας, και η σχετική συζήτηση περί ‘ευελ-φάλειας’ στις αγορές εργασίας της Ευρωπαϊκής Ένωσης, υπό το πρίσμα της Εργασιακής Γεωγραφίας. Καταληκτικά, το βιβλίο θα συζητήσει σύγχρονα γεωγραφικά διλήμματα γύρω από την εργασία και τους εργαζόμενους και θα παρουσιάσει βασικούς άξονες σχετικών προτάσεων πολιτικής.</subfield>
  </datafield>
  <datafield tag="650" ind1=" " ind2="0">
   <subfield code="a">Economic geography</subfield>
   <subfield code="8">2438</subfield>
  </datafield>
  <datafield tag="653" ind1=" " ind2=" ">
   <subfield code="a">Ευέλικτη εργασία</subfield>
  </datafield>
  <datafield tag="653" ind1=" " ind2=" ">
   <subfield code="a">Εργασιακή γεωγραφία</subfield>
  </datafield>
  <datafield tag="653" ind1=" " ind2=" ">
   <subfield code="a">Άνιση κοινωνικό-χωρική ανάπτυξη</subfield>
  </datafield>
  <datafield tag="653" ind1=" " ind2=" ">
   <subfield code="a">Οικονομική γεωγραφία</subfield>
  </datafield>
  <datafield tag="653" ind1=" " ind2=" ">
   <subfield code="a">Οικονομικές επιστήμες</subfield>
   <subfield code="a">Οικονομική ανάπτυξη, τεχνολογική αλλαγή, και ανάπτυξη</subfield>
  </datafield>
  <datafield tag="653" ind1=" " ind2=" ">
   <subfield code="a">Οικονομικές επιστήμες</subfield>
   <subfield code="a">Εργασιακή και δημογραφική οικονομική</subfield>
  </datafield>
  <datafield tag="653" ind1=" " ind2=" ">
   <subfield code="a">Δημογραφία</subfield>
   <subfield code="a">Ανθρωπογεωγραφία</subfield>
  </datafield>
  <datafield tag="653" ind1=" " ind2=" ">
   <subfield code="a">Επιστήμες της γης</subfield>
   <subfield code="a">Γεωγραφία</subfield>
   <subfield code="a">Περιφερειακή γεωγραφία</subfield>
  </datafield>
  <datafield tag="653" ind1=" " ind2=" ">
   <subfield code="a">Δημογραφία</subfield>
   <subfield code="a">Ανθρωπογεωγραφία</subfield>
   <subfield code="a">Οικονομική γεωγραφία</subfield>
  </datafield>
  <datafield tag="700" ind1="1" ind2=" ">
   <subfield code="a">Herod, Andrew</subfield>
   <subfield code="e">Συγγραφέας</subfield>
   <subfield code="8">1170</subfield>
  </datafield>
  <datafield tag="700" ind1="1" ind2=" ">
   <subfield code="a">Κουρλιούρος, Ηλίας</subfield>
   <subfield code="e">Κριτικός αναγνώστης</subfield>
   <subfield code="8">1171</subfield>
  </datafield>
  <datafield tag="856" ind1="4" ind2="0">
   <subfield code="u">http://hdl.handle.net/11419/4073</subfield>
   <subfield code="z">Πλήρες Κείμενο - Full text</subfield>
  </datafield>
  <datafield tag="907" ind1=" " ind2=" ">
   <subfield code="a">.b25681254</subfield>
   <subfield code="b">12-06-18</subfield>
   <subfield code="c">29-07-16</subfield>
  </datafield>
  <datafield tag="949" ind1=" " ind2=" ">
   <subfield code="0">0</subfield>
   <subfield code="1">0</subfield>
   <subfield code="2">ddc</subfield>
   <subfield code="4">0</subfield>
   <subfield code="6">331_120000000000000_ΓΚΙ</subfield>
   <subfield code="7">0</subfield>
   <subfield code="8">KALL</subfield>
   <subfield code="8">884</subfield>
   <subfield code="d">2016-04-13</subfield>
   <subfield code="r">2016-04-13</subfield>
   <subfield code="w">2016-04-13</subfield>
   <subfield code="z">331.12 ΓΚΙ</subfield>
   <subfield code="o">SEAB KALLIPOS</subfield>
  </datafield>
  <datafield tag="998" ind1=" " ind2=" ">
   <subfield code="a">80</subfield>
   <subfield code="a">01</subfield>
   <subfield code="a">02</subfield>
   <subfield code="a">03</subfield>
   <subfield code="a">04</subfield>
   <subfield code="a">05</subfield>
   <subfield code="a">06</subfield>
   <subfield code="a">07</subfield>
   <subfield code="a">08</subfield>
   <subfield code="a">09</subfield>
   <subfield code="a">10</subfield>
   <subfield code="a">11</subfield>
   <subfield code="a">12</subfield>
   <subfield code="a">13</subfield>
   <subfield code="a">14</subfield>
   <subfield code="a">15</subfield>
   <subfield code="a">16</subfield>
   <subfield code="a">17</subfield>
   <subfield code="a">18</subfield>
   <subfield code="a">19</subfield>
   <subfield code="a">20</subfield>
   <subfield code="a">21</subfield>
   <subfield code="a">22</subfield>
   <subfield code="a">23</subfield>
   <subfield code="a">24</subfield>
   <subfield code="a">25</subfield>
   <subfield code="a">26</subfield>
   <subfield code="b">25-05-17</subfield>
   <subfield code="c">m</subfield>
   <subfield code="d">z  </subfield>
   <subfield code="e">-</subfield>
   <subfield code="f">gre</subfield>
   <subfield code="g">gr </subfield>
   <subfield code="h">0</subfield>
  </datafield>
  <datafield tag="942" ind1=" " ind2=" ">
   <subfield code="2">ddc</subfield>
   <subfield code="c">KALLIPOS</subfield>
  </datafield>
 </record>
</collection>
